[Event "Titled Tuesday intern op 27th Sep Early"]
[Site "Chess.com INT"]
[Date "2022.09.27"]
[Round "3"]
[White "Shivika, Rohilla"]
[Black "Perez Gormaz, Matias Ariel"]
[Result "0-1"]
[WhiteElo "2127"]
[BlackElo "2397"]
[PlyCount "112"]
[EventDate "2022.09.27"]
[EventType "swiss (blitz)"]
[EventRounds "11"]
[EventCountry "USA"]
[SourceTitle "CBM 210 Extra"]
[Source "ChessBase"]
[SourceDate "2022.11.30"]
[SourceVersion "1"]
[SourceVersionDate "2022.11.30"]
[SourceQuality "1"]

1. e4 c5 2. Nf3 e6 3. d4 cxd4 4. Nxd4 a6 5. c4 Nf6 6. Nc3 Qc7 7. a3 b6 8. Be3 Bb7 9. f3 h5 10. Be2 h4 11. Qd2 Bd6 12. Rc1 Bxh2 13. Na4 Bg3+ 14. Kd1 d6 15. b4 Nbd7 16. Nb3 0-0 17. Bg5 Bxe4 18. Bxh4 Bxh4 19. Rxh4 Bg6 20. Nb2 Rfd8 21. Nd3 Ne5 22. Nf4 Qe7 23. Nxg6 Nxg6 24. Rh1 e5 25. Ke1 a5 26. b5 a4 27. Na1 d5 28. Qg5 Qxa3 29. Nc2 Qc5 30. Ne3 Ne7 31. Nxd5 Nexd5 32. cxd5 Qb4+ 33. Kf2 Qd4+ 34. Kg3 Qf4+ 35. Qxf4 exf4+ 36. Kxf4 Nxd5+ 37. Kg3 a3 38. Ra1 Nc3 39. Bc4 Rd4 40. Bb3 Rb4 41. Bc2 Rxb5 42. Bh7+ Kf8 43. Bd3 Rba5 44. Rh8+ Ke7 45. Rxa8 Rxa8 46. Kf2 b5 47. Ke3 b4 48. Kd2 Kd6 49. Kc2 Kc5 50. Kb3 g6 51. g4 a2 52. Bc4 Ra3+ 53. Kb2 Kxc4 54. Rxa2 Rxa2+ 55. Kc1 b3 56. f4 Rc2# 0-1

[Event "Titled Tuesday intern op 06th Sep Late"]
[Site "Chess.com INT"]
[Date "2022.09.06"]
[Round "9"]
[White "Broca Jimenez, Fernando"]
[Black "Shivika, Rohilla"]
[Result "0-1"]
[WhiteElo "2075"]
[BlackElo "2127"]
[PlyCount "82"]
[EventDate "2022.09.06"]
[EventType "swiss (blitz)"]
[EventRounds "11"]
[EventCountry "USA"]
[SourceTitle "EXT 2023"]
[Source "ChessBase"]
[SourceDate "2022.10.05"]
[SourceVersion "1"]
[SourceVersionDate "2022.10.05"]
[SourceQuality "1"]

1. d4 d5 2. c4 e6 3. Nc3 a6 4. e4 dxe4 5. Nxe4 Nf6 6. Nxf6+ Qxf6 7. Nf3 Bb4+ 8. Bd2 Bxd2+ 9. Qxd2 0-0 10. Bd3 Nc6 11. Qe3 Rd8 12. Rd1 g6 13. Bb1 b6 14. 0-0 Bb7 15. Ne5 Ne7 16. Be4 Nf5 17. Qf3 Bxe4 18. Qxe4 Nd6 19. Qe2 Nf5 20. Qe4 Rd6 21. c5 Rdd8 22. Nc6 Rd5 23. Nb4 Rdd8 24. cxb6 cxb6 25. d5 exd5 26. Nxd5 Qxb2 27. Nc7 Rac8 28. Qb7 Rb8 29. Qxa6 Rxd1 30. Rxd1 Qc2 31. Rd7 Qc1+ 32. Qf1 Qc6 33. Qd3 Rc8 34. Na6 Qc1+ 35. Qd1 Qc4 36. Rd8+ Rxd8 37. Qxd8+ Kg7 38. g4 Nd4 39. Nc7 Ne2+ 40. Kg2 Qe4+ 41. Kf1 Nf4 0-1

[Event "Titled Tuesday intern op 06th Sep Late"]
[Site "Chess.com INT"]
[Date "2022.09.06"]
[Round "2"]
[White "Shivika, Rohilla"]
[Black "Akhvlediani, Irakli"]
[Result "0-1"]
[WhiteElo "2127"]
[BlackElo "2432"]
[PlyCount "70"]
[EventDate "2022.09.06"]
[EventType "swiss (blitz)"]
[EventRounds "11"]
[EventCountry "USA"]
[SourceTitle "EXT 2023"]
[Source "ChessBase"]
[SourceDate "2022.10.05"]
[SourceVersion "1"]
[SourceVersionDate "2022.10.05"]
[SourceQuality "1"]

1. e4 c6 2. d4 d5 3. e5 c5 4. c3 Nc6 5. Nf3 Bg4 6. Be3 Qb6 7. Qd2 Bxf3 8. gxf3 cxd4 9. cxd4 e6 10. Nc3 Nge7 11. Bd3 a6 12. Rc1 Ng6 13. Bb1 Nh4 14. Ke2 Be7 15. Rhg1 g6 16. Rg4 Nf5 17. Bxf5 gxf5 18. Rg2 f4 19. Bxf4 Nxd4+ 20. Kf1 Nxf3 21. Qe2 Nh4 22. Rg1 Nf5 23. Qh5 Qxb2 24. Ne2 d4 25. Ng3 Ne3+ 26. Bxe3 dxe3 27. Qe2 Qxc1+ 28. Kg2 Qc6+ 29. f3 Rd8 30. Qxe3 Qc2+ 31. Kh3 Rd2 32. Kg4 h5+ 33. Nxh5 Qf5+ 34. Kg3 Rg8+ 35. Ng7+ Rxg7+ 0-1